Bài tập vật lí lí thuyết T.1 Cơ lí thuyết-điện động lực học và lí thuyết tương đối
Tuyển tập này dựa vào các bài tập đã được chọn lọc để giảng dạy và học tập bộ môn vật lí lí thuyết ở các trường đại học sư phạm
Salvato in:
| Altri autori: | , , , , |
|---|---|
| Natura: | Libro |
| Lingua: | Vietnamese |
| Pubblicazione: |
H.
Đại học quốc gia Hà Nội
1996
|
| Edizione: | In lần thứ hai có sửa chữa bổ sung |
| Soggetti: | |
| Tags: |
Aggiungi Tag
Nessun Tag, puoi essere il primo ad aggiungerne! !
|
| Thư viện lưu trữ: | Mạng thư viện Đại học Đà Nẵng |
|---|
| LEADER | 01548nam a2200409 4500 | ||
|---|---|---|---|
| 001 | 000013169 | ||
| 003 | 9506 | ||
| 005 | 20120309150313.0 | ||
| 008 | 120309s1996 viesd | ||
| 041 | 0 | |a vie | |
| 082 | |a 530.1 |b Bai | ||
| 245 | 1 | 0 | |a Bài tập vật lí lí thuyết |c Nguyễn Hữu Minh, Đỗ Khắc Hướng, Nguyễn Khắc Nhạp... |n T.1 |p Cơ lí thuyết-điện động lực học và lí thuyết tương đối |
| 250 | |a In lần thứ hai có sửa chữa bổ sung | ||
| 260 | |a H. |b Đại học quốc gia Hà Nội |c 1996 | ||
| 300 | |a 287 tr. |c 21cm | ||
| 520 | |a Tuyển tập này dựa vào các bài tập đã được chọn lọc để giảng dạy và học tập bộ môn vật lí lí thuyết ở các trường đại học sư phạm | ||
| 653 | |a vật lí lý thuyết | ||
| 653 | |a giáo trình | ||
| 653 | |a cơ lí thuyết | ||
| 653 | |a điện động lực học | ||
| 653 | |a bài tập | ||
| 653 | |a lí thuyết tương đối | ||
| 700 | |a Đỗ Khắc Hướng |e Tác giả | ||
| 700 | |a Lê Trọng Tường |e Tác giả | ||
| 700 | |a Đỗ Đình Thanh |e Tác giả | ||
| 700 | |a Nguyễn Khắc Nhạp |e Tác giả | ||
| 700 | |a Nguyễn Hữu Minh |e Tác giả | ||
| 773 | |t Bài tập vật lí lí thuyết |w 4439 | ||
| 910 | |a Thanh |d 14/10/2011 | ||
| OWN | |a LSP | ||
| 999 | |a From the UDN01 | ||
| TYP | |a Monograph | ||
| TYP | |a Printed language | ||
| 980 | |a Mạng thư viện Đại học Đà Nẵng | ||